=LDR 00000nam 2200000 4500 =001 INLIS000000000018745 =005 20130612113906 =008 ***********************************Ind** =035 ##$$0010-061300000018745 =041 ##$$a Ind =082 ##$$a 658.401 =090 ##$$a 658.401, Bad d =100 ##$$a BADRI, Sofwan =245 ##$$a Dasar-dasar network planning, Sofwan Badri =260 ##$$a 2001 $b Jakarta =300 ##$$a 88 hlm., ilus., 21 cm =650 ##$$a PERENCANAAN =850 ##$$a NBPNMAT =990 ##$$a 0001/BPAP-NTB/2016